| 000 | 00499cam a2200217ua 4500 | ||
|---|---|---|---|
| 020 | _c37.50 | ||
| 041 |
_aeng _h |
||
| 082 |
_a631.42 _bMIL/SO |
||
| 100 | _aMillar, C E. | ||
| 245 |
_aSoil fertility / _cC E Miller. _hTextual Documents |
||
| 250 |
_a1 / _b. |
||
| 260 |
_aLondon : _bJohn Wiley & Sons , _c1963. |
||
| 300 | _a436 ; . | ||
| 365 | _a37.50 | ||
| 504 | _a | ||
| 942 | _cBK | ||
| 999 |
_c9489 _d9489 |
||